| 000 | 00727nam a22001937a 4500 | ||
|---|---|---|---|
| 999 |
_c159688 _d159688 |
||
| 005 | 20181231113158.0 | ||
| 010 | _aENG-124612 | ||
| 020 |
_a9780199474424 _c1195.00 |
||
| 035 | _aEN-108144 | ||
| 037 | _bDBAD/PUB | ||
| 082 | _a344.540465 | ||
| 100 | _aSarkar, Aditya | ||
| 245 |
_aTrouble at the mill: _cby Aditya Sarkar _bfactory law and the emergence of the labour question in late nineteenth-century bombay/ |
||
| 260 |
_aNew Delhi _bOxford University Press _c2018 |
||
| 270 |
_bNew Delhi _e110002 _a2/11 Ground Floor, Ansari Road, Daryaganj, |
||
| 300 |
_axii,360p. _c22cm.(Hb) |
||
| 500 | _aIt includes conclusion, select bibliography, index and about the author | ||
| 942 |
_2ddc _cEN _h344.540465 _mSAR |
||